01095nam a2200265Ia 450000500170000000800410001702000180005804000350007604100080011108200180011910000290013724501590016625000230032526400510034830000530039933600270045233700330047933800280051249000830054050000060062353400340062965000530066365000720071670000410078820220317001953.0200115s2019 ck 000 0 spa d a9789585808584 aCO-BoRNBPbspaerdacCO-BoRNBP0 aspa04a153.35 bG67g1 aGosling, Emily, eautora13aLas grandes mentes no piensan igual b descubra la metodología y la locura de 56 genios creativos c Emily Gosling ; traducción Carolina Bastida Serra aEdición especial 1aBogotá bFondo Cultural Iberoamericanoc2019 a125 páginas cilustraciones en color c 22 cm. 2rdacontentatextobtxt 2rdamediaasin mediaciónbn 2rdacarrieravolumenbnc0 aPlan Nacional de Lectura y Escritura Leer es mi Cuento / Ministerio de Cultura a  tGreat minds don't think alike17aAptitud creadora 2LEMBxCuriosidades y enigmas17aCreacion literaria, artistica, etc. 2LEMBxCuriosidades y enigmas1 aBastida Serra, Carolinaetraductora